De distintas maneras /
Збережено в:
| Автор: | |
|---|---|
| Формат: | Невідомо |
| Мова: | Spanish |
| Опубліковано: |
Cuba :
[editor no identificado],
1990.
|
| Предмети: | |
| Теги: |
Додати тег
Немає тегів, Будьте першим, хто поставить тег для цього запису!
|
MARC
| LEADER | 000000000a22000000004500 | ||
|---|---|---|---|
| 001 | 001784 | ||
| 041 | 0 | |a spa | |
| 082 | 0 | 4 | |a Cu861.44 |b H557d |
| 100 | 1 | |a Hernández Rivera, Sergio | |
| 245 | 1 | 0 | |a De distintas maneras / |c Sergio Hernández Rivera. |
| 260 | 1 | |a Cuba : |b [editor no identificado], |c 1990. | |
| 300 | |a 131 páginas | ||
| 650 | 4 | |a LITERATURA CUBANA | |
| 650 | 4 | |a POESIA | |
| 999 | |c 8451 |d 8451 | ||
| 942 | |c BK |h Cu861.44 H557d |2 z | ||
